| 000 | 01632nam a22003857a 4500 | ||
|---|---|---|---|
| 003 | CHAP | ||
| 005 | 20250516062731.0 | ||
| 008 | 110802s2011 mx r 00010 spa d | ||
| 010 | _a101688 | ||
| 011 | _a102660 | ||
| 035 | _a113349 | ||
| 040 | _cCHAP | ||
| 090 | _aTesis | ||
| 100 | 1 |
_aMoreno Sánchez, Linda Angélica. _978711 |
|
| 245 | 1 | 0 |
_aEstudio de factibilidad técnico económico para el establecimiento de una granja acuícola de tilapia (Oreochromis niloticus) y su industrializadora en Huehetoca, Estado de México _h[En Línea] _c/por Linda Angélica Moreno Sánchez |
| 260 |
_aChapingo, Méx. : _bEl autor, _c2011 |
||
| 500 | _aPara ver el contenido del material haga clic en la liga | ||
| 502 | _aTesis (Ing. Agroindustrial) -- Departamento de Ingeniería Agroindustrial | ||
| 590 |
_aALEPH _b10 _c20130110 _lUCH01 _h1541 |
||
| 590 |
_aBATCH-UPD _b10 _c20130110 _lUCH01 _h1404 |
||
| 590 |
_aBATCH-UPD _b10 _c20130410 _lUCH01 _h0854 |
||
| 590 |
_aBATCH-UPD _b10 _c20130914 _lUCH01 _h1329 |
||
| 590 |
_aBATCH-UPD _b10 _c20140324 _lUCH01 _h1526 |
||
| 590 |
_aBATCH-UPD _b10 _c20141002 _lUCH01 _h0850 |
||
| 590 |
_aCONVERSION _b10 _c20130109 _lUCH01 _h1356 |
||
| 650 | 1 | 4 |
_aAcuicultura _zMexico (Edo.). _9791 |
| 650 | 1 | 4 |
_aEstudios de factibilidad. _938520 |
| 650 | 1 | 4 |
_aIndustria del pescado. _957809 |
| 650 | 1 | 7 |
_aTilapia (nombre común) _2 _9113299 |
| 856 |
_3Finding aid _uhttp://10.13.5.2/tesis/113349.pdf _zTeclea aqui |
||
| 901 | _aBK | ||
| 942 | _cFOLL | ||
| 949 |
_aTesis _bBC _cTES _d33724002249108 _eTS1 _gDonaciØn _h52414 _i113349 _st |
||
| 949 |
_aTesis _bBC _cTES _d33724002249149 _eTS2 _fc.2 _gDonaciØn _h52515 _i113349 _st |
||
| 999 |
_c101688 _d101688 |
||